AFI's 100 Greatest Films - Statistics

General Stats
  • This quiz has been taken 896 times
  • The average score is 36 of 100
Answer Stats
Hint Answer % Correct
3. 1972 Coppola Godfather
92%
1. 1941 Welles Citizen Kane
83%
15. 1977 Lucas Star Wars
80%
18. 1960 Hitchcock Psycho
77%
9. 1993 Spielberg Schindler's List
76%
25. 1982 Spielberg ET
75%
95. 1994 Tarantino Pulp Fiction
69%
22. 1968 Kubrick 2001 A Space Odyssey
68%
2. 1943 Curtiz Casablanca
68%
48. 1975 Spielberg Jaws
68%
4. 1939 Fleming Gone With the Wind
67%
49. 1937 Disney Snow White and the Seven Dwarfs
67%
94. 1990 Scorsese Goodfellas
61%
46. 1971 Kubrick A Clockwork Orange
60%
28. 1979 Coppola Apocalypse Now
59%
47. 1976 Scorsese Taxi Driver
58%
61.1958 Hitchcock Vertigo
58%
11. 1946 Capra It's a Wonderful LIfe
57%
71. 1994 Zemeckis Forrest Gump
55%
60.1981 Spielberg Raiders of the Lost Ark
55%
75. 1990 Costner Dances With Wolves
53%
42. 1954 Hitchcock Rear Window
53%
5. 1962 Lean Lawrence of Arabia
52%
24. 1980 Scorsese Raging Bull
52%
58. 1940 Disney Fantasia
51%
20. 1975 Forman One Flew Over the Cuckoo's Nest
51%
6. 1939 Fleming & Vidor Wizard of Oz
50%
98. 1992 Eastwood Unforgiven
48%
84. 1996 Coen Fargo
45%
64.1977 Spielberg Close Encounters of the Third Kind
44%
14. 1959 Wilder Some Like it Hot
44%
31. 1977 Allen Annie Hall
43%
40. 1959 Hitchcock North By Northwest
43%
83. 1986 Stone Platoon
43%
65. 1991 Demme The Silence of the Lambs
43%
26. 1964 Kubrick Dr. Strangelove
42%
8. 1954 Kazan On the Waterfront
42%
19. 1974 Polanski Chinatown
41%
10. 1952 Kelly & Donen Singin in the Rain
40%
72. 1959 Wyler Ben Hur
38%
79. 1978 Cimino The Deer Hunter
38%
7. 1967 Nichols The Graduate
38%
93. 1960 Wilder The Apartment
37%
76. 1931 Chaplin City Lights
36%
81. 1936 Chaplin Modern Times
35%
32. 1974 Coppola The Godfather II
35%
55. 1965 Wise The Sound of Music
35%
53. 1984 Forman Amadeus
33%
77. 1973 Lucas American Graffiti
32%
12. 1950 Wilder Sunset Boulevard
32%
88. 1969 Hopper Easy Rider
31%
70. 1971 Friedkin The French Connection
30%
44. 1915 Griffith Birth of a Nation
29%
78. 1976 Avildsen Rocky
29%
41. 1961 Wise & Robbins West Side Story
29%
16. 1950 Mankiewicz All About Eve
28%
23. 1941 Huston The Maltese Falcon
28%
35. 1934 Capra It Happened One Night
26%
29. 1939 Capra Mr. Smith Goes to Washington
26%
96. 1956 Ford The Searchers
26%
45. 1951 Kazan A Streetcar Named Desire
25%
66. 1976 Lumet Network
24%
36. 1969 Schlesinger Midnight Cowboy
22%
63. 1939 Ford Stagecoach
22%
30. 1948 Huston The Treasure of the Sierra Madre
22%
27. 1967 Penn Bonnie and Clyde
21%
17. 1951 Huston The African Queen
21%
57.1949 Reed The Third Man
21%
34. 1962 Mulligan To Kill a Mockingbird
21%
62.1982 Pollack Tootsie
21%
33. 1952 Zinnemann High Noon
20%
56. 1970 Altman MASH
20%
91. 1964 Cukor My Fair Lady
20%
21. 1940 Ford The Grapes of Wrath
20%
80. 1969 Peckinpah The Wild Bunch
20%
50. 1969 Hill Butch Cassidy and the Sundance Kid
19%
87.1931 Whale Frankenstein
19%
74. 1925 Chaplin The Gold Rush
19%
54. 1930 Milestone All Quiet on the Western Front
18%
38. 1944 Wilder Double Indemnity
18%
39. 1965 Lean Dr. Zhivago
18%
52. 1953 Zinnemann From Here to Eternity
18%
89. 1970 Schaffner Patton
18%
37. 1946 Wyler The Best Years of Our Lives
18%
51. 1940 Cukor The Philadelphia Story
18%
68. 1951 Minnelli An American in Paris
16%
59. 1955 Ray Rebel Without a Cause
16%
13. 1957 Lean The Bridge Over the River Kwai
15%
97. 1938 Hawks Bringing Up Baby
13%
99. 1967 Kramer Guess Who's Coming to Dinner
13%
43. 1933 Cooper & Schoedsack King Kong
13%
82. 1956 Stevens Giant
12%
67. 1962 Frankenheimer The Manchurian Candidate
12%
85. 1936 McCarey Duck Soup
11%
69. 1953 Stevens Shane
11%
90. 1927 Crosland The Jazz Singer
11%
86. 1935 Lloyd Mutiny on the Bounty
9%
100. 1942 Curtiz Yankee Doodle Dandy
9%
92. 1951 Stevens A Place in the Sun
7%
73. 1939 Wyler Wuthering Heights
5%
No matching quizzes found
Score Distribution
Percent of People with Each Score
Percentile by Number Answered
Your Score History
You have not taken this quiz